| 000 | 00513 a2200193 4500 | ||
|---|---|---|---|
| 001 | 065870 | ||
| 003 | OSt | ||
| 005 | 20210903170539.0 | ||
| 008 | |||
| 082 |
_a005.73 _bS32D |
||
| 100 | 1 | _aSilberschatz, Abraham | |
| 245 | 1 |
_aDatabase system concepts _cby Abraham Silberschatz and Henry F. Korth |
|
| 260 |
_aNew Delhi _bMcGraw Hill _c2006 |
||
| 300 | _a1142p. | ||
| 630 | _aComputer Science | ||
| 690 | _aDatabase management | ||
| 700 | _aKorth, Henry F. | ||
| 942 |
_2ddc _cBK |
||
| 999 |
_c148 _d148 |
||